|
|
|
|
| LEADER |
04736nas a2200841 a 4500 |
| 001 |
c000156103 |
| 003 |
CARM |
| 005 |
20120917154321.0 |
| 008 |
950818d19391995nyumn1p b 0 a0eng d |
| 019 |
1 |
|
|a 965449
|z 42644505
|5 LACONCORD2021
|
| 022 |
0 |
|
|a 0043-5651
|
| 035 |
|
|
|a (OCoLC)1604318
|5 LACONCORD2021
|
| 037 |
|
|
|b H. W. Wilson Co., 950 University Ave., Bronx, NY 10452
|
| 040 |
|
|
|a ABN-SNR
|b eng
|c ABN-SNR
|
| 043 |
|
|
|a n-us---
|
| 050 |
0 |
0 |
|a Z1217
|b .W75
|
| 060 |
0 |
0 |
|a Z 671 W749
|
| 082 |
0 |
0 |
|a 020/.5
|2 19
|
| 210 |
0 |
|
|a Wilson libr. bull
|
| 222 |
|
0 |
|a Wilson library bulletin
|
| 245 |
0 |
0 |
|a Wilson library bulletin.
|
| 260 |
|
|
|a New York, N.Y. :
|b H.W. Wilson Co.,
|c c1939-c1995.
|
| 300 |
|
|
|a 56 v. :
|b ill., ports. ;
|c 26 cm.
|
| 310 |
|
|
|a Monthly (except July and Aug.)
|
| 362 |
0 |
|
|a Vol. 14, no. 1 (Sept. 1939)-v. 69, no. 10 (June 1995).
|
| 500 |
|
|
|a Editors: 1939-Feb. 1943, S.J. Kunitz; Mar. 1943-<June 1958> M.D. Loizeaux.
|
| 510 |
1 |
|
|a Education index
|x 0013-1385
|
| 510 |
1 |
|
|a Library literature
|x 0024-2373
|
| 510 |
2 |
|
|a America, history and life
|x 0002-7065
|b 1967-
|
| 510 |
2 |
|
|a Book review index
|x 0524-0581
|
| 510 |
2 |
|
|a Current index to journals in education
|x 0011-3565
|
| 510 |
2 |
|
|a Historical abstracts. Part A. Modern history abstracts
|x 0363-2717
|b 1967-
|
| 510 |
2 |
|
|a Historical abstracts. Part B. Twentieth century abstracts
|x 0363-2725
|b 1967
|
| 510 |
2 |
|
|a Library & information science abstracts
|x 0024-2179
|
| 510 |
2 |
|
|a Media review digest
|x 0363-7778
|
| 510 |
2 |
|
|a Reference sources
|x 0163-3546
|
| 515 |
|
|
|a Issued Sept. 1943-June 1957 in 2 sections, section 2: Readers' choice of current books (title varies slightly).
|
| 580 |
|
|
|a Vols. for 1989- have supplement: Booktalker.
|
| 650 |
|
0 |
|a Library science
|v Periodicals.
|
| 650 |
|
0 |
|a Libraries
|v Periodicals.
|
| 650 |
|
0 |
|a Best books
|v Periodicals.
|
| 650 |
|
0 |
|a Bibliography, National
|z United States
|v Periodicals.
|
| 700 |
1 |
|
|a Kunitz, Stanley,
|d 1905-
|
| 700 |
1 |
|
|a Loizeaux, Marie D.,
|d 1905-
|
| 710 |
2 |
|
|a H.W. Wilson Company.
|
| 730 |
0 |
|
|a Readers's choice of current books.
|
| 770 |
1 |
|
|t Booktalker
|w (OCoLC)20980820
|w (DLC)sn 9003500
|g Sept. 1989-
|
| 780 |
0 |
0 |
|t Wilson bulletin for librarians
|x 1050-8333
|w (OCoLC)8086545
|w (DLC) 86658674
|
| 852 |
8 |
|
|b CARM
|h A2:AI38F0
|i C04332
|p 0138827
|f SE
|
| 852 |
8 |
|
|b CARM
|h A2:AI30E0
|i C04333
|p 0138828
|f SE
|
| 852 |
8 |
|
|b CARM
|h A2:AG11E0
|i C01527
|p 0078977
|f SE
|
| 852 |
8 |
|
|b CARM
|h A2:AG11F0
|i C01526
|p 0078978
|f SE
|
| 852 |
8 |
|
|b CARM
|h A1:AL19D0
|i C10499
|p 0398972
|f SE
|
| 852 |
8 |
|
|b CARM
|h A1:AL07F0
|i F03618
|p 0498873
|f SE
|
| 852 |
8 |
|
|b CARM
|h A1:AL07F0
|i F03618
|p 0498874
|f SE
|
| 852 |
8 |
|
|b CARM
|h A3:AR01C0
|i F03661
|p 0498887
|f SE
|
| 852 |
8 |
|
|b CARM
|h A3:AR01C0
|i F03666
|p 0498915
|f SE
|
| 852 |
8 |
|
|b CARM
|h A3:AB30F0
|i C11401
|p 0517764
|f SE
|
| 852 |
8 |
|
|b CARM
|h A3:AB26C0
|i F05480
|p 0512305
|f SE
|
| 866 |
|
0 |
|a 15:1(1940:09)-69:1(1994:09) Inc.
|
| 866 |
|
0 |
|a 15:1(1940:09)-69:1(1994:09) Inc.
|
| 999 |
f |
f |
|i ef34d218-4ae8-55a2-a390-f56f732b3fd7
|s 64ff46e2-51e2-51f9-bcb8-0896f98b675b
|
| 952 |
f |
f |
|p Can circulate
|a CAVAL
|b CAVAL
|c CAVAL
|d CARM 1 Store
|e F03618
|f A1:AL07F0
|h Other scheme
|i book
|k 66:1(1991:09)-67:4(1992:12)
|m 0498873
|
| 952 |
f |
f |
|p Can circulate
|a CAVAL
|b CAVAL
|c CAVAL
|d CARM 1 Store
|e C04332
|f A2:AI38F0
|h Other scheme
|i book
|k 15:1(1940:09)-20:4(1945:12),21:5(1947:01)-23:3(1948:11),23:10(1949:06),24:1(1949:09)
|m 0138827
|
| 952 |
f |
f |
|p Can circulate
|a CAVAL
|b CAVAL
|c CAVAL
|d CARM 1 Store
|e C04333
|f A2:AI30E0
|h Other scheme
|i book
|k 27:1(1952:09)-27:8(1953:04),27:10(1953:06),32:6(1958:02),36:1(1961:09),36:3(1961:11),36:7(1962:03),36:8(1962:04),36:10(1962:10),37:1(1962:09)-39:3(1964:),39:10(1965:06)
|m 0138828
|
| 952 |
f |
f |
|p Can circulate
|a CAVAL
|b CAVAL
|c CAVAL
|d CARM 1 Store
|e F05480
|f A3:AB26C0
|h Other scheme
|i book
|k 59(1984/85)-61(1986/87)
|m 0512305
|
| 952 |
f |
f |
|p Can circulate
|a CAVAL
|b CAVAL
|c CAVAL
|d CARM 1 Store
|e C10499
|f A1:AL19D0
|h Other scheme
|i book
|k 51:1(1976:09)-54:10(1980:06)
|m 0398972
|
| 952 |
f |
f |
|p Can circulate
|a CAVAL
|b CAVAL
|c CAVAL
|d CARM 1 Store
|e C01526
|f A2:AG11F0
|h Other scheme
|i book
|k 46:1(1971:09)-50:10(1976:06)
|m 0078978
|
| 952 |
f |
f |
|p Can circulate
|a CAVAL
|b CAVAL
|c CAVAL
|d CARM 1 Store
|e F03618
|f A1:AL07F0
|h Other scheme
|i book
|k 69:1(1994:09)
|m 0498874
|
| 952 |
f |
f |
|p Can circulate
|a CAVAL
|b CAVAL
|c CAVAL
|d CARM 1 Store
|e F03666
|f A3:AR01C0
|h Other scheme
|i book
|k 65(1990/91)
|m 0498915
|
| 952 |
f |
f |
|p Can circulate
|a CAVAL
|b CAVAL
|c CAVAL
|d CARM 1 Store
|e C11401
|f A3:AB30F0
|h Other scheme
|i book
|k 55:1(1980:09)-58:10(1984:06)
|m 0517764
|
| 952 |
f |
f |
|p Can circulate
|a CAVAL
|b CAVAL
|c CAVAL
|d CARM 1 Store
|e F03661
|f A3:AR01C0
|h Other scheme
|i book
|k 62(1987/88)-64(1989/90)
|m 0498887
|
| 952 |
f |
f |
|p Can circulate
|a CAVAL
|b CAVAL
|c CAVAL
|d CARM 1 Store
|e C01527
|f A2:AG11E0
|h Other scheme
|i book
|k 41:1(1966:09)-45:10(1971:06)
|m 0078977
|